ბათუმის შოთა რუსთაველის სახელმწიფო უნივერსიტეტის ბიბლიოთეკა

ენათა კლასიფიკაციის პრინციპები = Классификации языков и их принципы / (ბიბ.ჩანაწერი № 52995)

000 -ლიდერი
ფიქსირებული სიგრძის საკონტროლო ველი 01586nam a2200289Ia 4500
001 - საკონტროლო ნომერი
საკონტროლო ველი 20026
003 - საკონტროლო ნომრის იდენტიფიკატორი
საკონტროლო ველი GE_BSU
005 - ბოლო ოპერაციის თარიღი და დრო
საკონტროლო ველი 20200602210007.0
008 - ფიქსირებული სიგრძის მონაცემთა ელემენტები - ზოგადი ინფორმაცია
ფიქსირებული სიგრძის საკონტროლო ველი 181216s1958||||ge |||||||||||||| ||geo||
040 ## - კატალოგიზაციის წყარო
Transcribing agency GE_BSU
041 ## - ენის კოდი
Language code of text/sound track or separate title geo
080 ## - უნივერსალური ათობითი კლასიფიკაციის ინდექსი
Universal Decimal Classification number 81'44 შ-25
100 ## - მთავარი ჩანაწერი - პიროვნების სახელი
Personal name შარაძენიძე, თინ.
9 (RLIN) 8282
245 ## - ცნობა სათაურის შესახებ
Title ენათა კლასიფიკაციის პრინციპები = Классификации языков и их принципы /
Statement of responsibility, etc თინ. შარაძენიძე ; რედაქტორი : არ. ჩიქობავა.
264 ## - წარმოების, გამოცემის, დისტრიბუციის და სხვა ცნობები
გამოცემის, წარმოების, დისტრიბუციის... ადგილი თბილისი :
გამოცემის, წარმოების, დისტრიბუციის... სახელწოდება საქ. სსრ მეცნ. აკად. გამ-ბა და სტ.,
გამოცემის, წარმოების, დისტრიბუციის... თარიღი 1958[ყდაზე 1959].
300 ## - ფიზიკური აღწერა
Extent 543 გვ. ;
Dimensions 22 სმ.
500 ## - ზოგადი შენიშვნა
General note გაშლილი თავფურცელი რუსულ ენაზე
501 ## - შენიშვნა თანმხლებ მასალაზე
With note დანართი "საკუთარ სახელთა საძიებელი", გვ. 539-411
504 ## - BIBLIOGRAPHY, ETC. NOTE
Bibliography, etc ბიბლიოგრაფია შენიშვნებში
653 ## - INDEX TERM--UNCONTROLLED
Uncontrolled term გრამატიკა
653 ## - INDEX TERM--UNCONTROLLED
Uncontrolled term ენათა კლასიფიკაცია
700 ## - ADDED ENTRY--PERSONAL NAME
Personal name ჩიქობავა, არ.
Relator term რედაქტორი
9 (RLIN) 8283
710 ## - ADDED ENTRY--CORPORATE NAME
Corporate name or jurisdiction name as entry element საქართველოს სსრ მეცნიერებათა აკადემია
9 (RLIN) 8284
710 ## - ADDED ENTRY--CORPORATE NAME
Corporate name or jurisdiction name as entry element ენათმეცნიერების ინსტიტუტი
9 (RLIN) 8285
942 ## - ADDED ENTRY ELEMENTS (KOHA)
Koha item type წიგნი
Source of classification or shelving scheme
ეგზემპლარები
ჩამოწერის სტატუსი დაკარგული ეგზემპლარის სტატუსი კლასიფიკაციის წყარო ან თაროზე გაწყობის სქემა დაზიანების სტატუსი არ გაიცემა მუდმივი მდებარეობა (დაცვის ადგილი) ამჟამინდელი ადგილსამყოფელი შეძენის თარიღი ღირებულება, შესყიდვის ნორმალური ფასი სრული შენახვის შიფრი შტრიხკოდი ბოლო ოპერაციის თარიღი ეგზემპლარის მიმდევრობითი ნომერი (კეტერი?) ფასის ძალაში შესვლის თარიღი ეგზემპლარის სახეობა საჯარო შენიშვნა
          ბათუმის შოთა რუსთაველის სახელმწიფო უნივერსიტეტის მთავარი ბიბლიოთეკა ბათუმის შოთა რუსთაველის სახელმწიფო უნივერსიტეტის მთავარი ბიბლიოთეკა 2018-12-17 4.40 81'44 შ-25 52748 2018-12-17 52748 2018-12-17 წიგნი 4.40 ლ.